Jeseníky = Eseniki = Das Gebirge Jeseníky = The Jeseníky Mountains /

Hlavní autor: Solnický, Josef, 1931-2014
Další autoři: Demek, Jaromír, 1930-2017, Tomeček, Jaromír, 1906-1997
Jazyk: Čeština
Vydáno: Praha : Panorama, 1981
Vydání: 1. vyd.
Edice: Naše vlast (Panorama)
Témata:
Externí odkaz: Digitalizovaný dokument
Fyzický popis: [186] s. : il. (některé barev.), mapy ; 28 cm
Language note: Ruské, německé a anglické resumé
Knihy
Uloženo v:
LEADER 01561nam a2200397 a 4500
001 000558449
003 CZ BrMZK
005 20260216075919.0
007 ta
008 000105s1981 xr ab e 000 0 cze d
040 |a BOA001  |b cze 
041 0 |a cze  |b eng  |b ger  |b rus 
080 9 |a 914.372 
080 9 |a 77"19" 
100 1 |a Solnický, Josef,  |d 1931-2014  |7 jk01120398  |4 pht 
245 1 0 |a Jeseníky =  |b Eseniki = Das Gebirge Jeseníky = The Jeseníky Mountains /  |c [fotografie] Josef Solnický ; úvodní texty Jaromír Demek, Jaromír Tomeček 
246 3 1 |a EsenikiGebirge JeseníkyJeseníky Mountains 
246 3 1 |a Gebirge Jeseníky 
246 3 1 |a Jeseníky Mountains 
250 |a 1. vyd. 
260 |a Praha :  |b Panorama,  |c 1981 
300 |a [186] s. :  |b il. (některé barev.), mapy ;  |c 28 cm 
490 1 |a Naše vlast 
500 |a 30000 výt. 
546 |a Ruské, německé a anglické resumé 
700 1 |a Demek, Jaromír,  |d 1930-2017  |7 jk01022190  |4 aut 
700 1 |a Tomeček, Jaromír,  |d 1906-1997  |7 jk01132695  |4 aut 
830 0 |a Naše vlast (Panorama)  |0 s 
856 4 1 |u http://www.digitalniknihovna.cz/mzk/uuid/uuid:94f1e3b0-ed3b-11e2-9923-005056827e52  |y Digitalizovaný dokument  |x NDK 
910 |a BOA001  |b TK-A-0213.060  |b 3-0854.899 
920 |a 000358970 
964 |a Jeseníky - publikace obrazové 
990 |a BK 
991 |b 200806 
996 6 |b 2619849756  |c 3-0854.899  |l MZK  |r Sklad / do 1 hodiny  |n 0  |w 000558449  |u 000020  |a 1  |e BOA001  |j MZK50  |s P 
996 6 |b 2629971910  |c TK-A-0213.060  |l MZK  |r Sklad / do 24 hodin  |n 5  |w 000558449  |u 000010  |a 1  |e BOA001  |j MZK50  |s P